3 indices pour un nom propre (3) - Statistiques

Statistiques générales
  • Ce quiz a été pris 239 fois
  • Le résultat moyen est 13 sur 25
Statistiques - réponses
Indice 1 Indice 2 Indice 3 Réponse % Correct
Soleil Versailles 1715 Louis XIV
99%
Bible Déluge Arche Noé
93%
Yéyé Belles, belles, belles Alexandrie Claude François
86%
Irréductible Gaulois Obélix Astérix
82%
Bohème Petit Chanteur Charles Aznavour
79%
Précoce Petite musique de nuit Amadeus Wolfgang Amadeus Mozart
78%
Model X Electrique Elon Musk Tesla
75%
Singe New-York Film King Kong
69%
Christie Détective Belge Hercule Poirot
67%
Héros Vendredi Ile Robinson Crusoe
65%
Gamme Maurice Boléro Maurice Ravel
64%
Jouet Personnage En avant les histoires Playmobil
58%
Eau Bébé Haute-Savoie Evian
56%
Lutèce Poulbot Eiffel Paris
56%
28e Dallas Etat Texas
47%
1er ministre Fils Erable Justin Trudeau
45%
Campbell's soup Artiste Marilyn Andy Warhol
36%
Bleu Blanc Egypte Nil
28%
Tour x 5 Vélo Breton Bernard Hinault
27%
Café Eau Soluble Nescafé
27%
Brandebourg Prusse Berlin Allemagne
26%
Néerlandais Ronde de nuit Baroque Rembrandt
26%
Téléphone Finlandais Disparu Nokia
11%
Citron Triple sec Tequila Margarita
8%
Résistance Chti Quotidien La Voix du Nord
5%
Aucun quiz correspondant
Distribution des résultats
% des personnes avec chaque résultat
Percentile par nombre de réponses
Votre historique - résultats
Vous n’avez pas pris ce quiz